Fr. Conceicao Rodrigues College of Engineering

Async in C# 5.0 (Record no. 23668)

MARC details
000 -LEADER
fixed length control field 00308nam a2200157Ia 4500
082 ## - DEWEY DECIMAL CLASSIFICATION NUMBER
Classification number 5.133
Item number DAV
100 ## - MAIN ENTRY--PERSONAL NAME
Personal name Davies/Alex
245 ## - TITLE STATEMENT
Title Async in C# 5.0
260 ## - PUBLICATION, DISTRIBUTION, ETC.
Name of publisher, distributor, etc. Orielly
Date of publication, distribution, etc. 2012
366 ## - TRADE AVAILABILITY INFORMATION
Publishers's discount category 20
300 ## - PHYSICAL DESCRIPTION
Extent 92
546 ## - LANGUAGE NOTE
Language note ENGLISH
-- Computers
654 ## - SUBJECT ADDED ENTRY--FACETED TOPICAL TERMS
Focus term Async C#
942 ## - ADDED ENTRY ELEMENTS (KOHA)
Koha item type BOOK
Holdings
Withdrawn status Lost status Damaged status Not for loan Collection Home library Current library Date acquired Source of acquisition Cost, normal purchase price Inventory number Total Checkouts Full call number Barcode Date last seen Cost, replacement price Price effective from Koha item type
        CRC Fr. Agnel's C.Rodrigues College of Engineering Fr. Agnel's C.Rodrigues College of Engineering 17/03/2023 Dharma Enterprises 160.00 12289 dt 28/05/2013   5.133 DAV 22714 17/03/2023 200.00   BOOK